| 000 | 00585nam a22001937a 4500 | ||
|---|---|---|---|
| 005 | 20140715122443.0 | ||
| 010 | _aENG-110025 | ||
| 020 |
_a9789383379668 _c680.00 |
||
| 035 | _aEN-93558 | ||
| 037 | _bDBAD/PUB | ||
| 082 | _a000 | ||
| 245 |
_aCrack CSAT IAS prelims paper 1/ _cedited by Veer Kumar...[et al] |
||
| 250 | _a2nd ed | ||
| 260 |
_aNew Delhi _bDisha Publication _c(201?) |
||
| 270 |
_aB-32, Shivalik Main Road, Maliviya Nagar _bNew Delhi _e110017 |
||
| 300 |
_avarious pagings : _b26cm(pbk) _cill. |
||
| 700 | _aVeer Kumar | ||
| 942 |
_2ddc _cEN _mCRA _h000 |
||
| 999 |
_c84333 _d84333 |
||